000 02663nam a22003017a 4500
001 114176
003 DR-UNIBE
005 20251027145806.0
008 251027b2020 sp ||||| |||| 00| 0 spa d
020 _a 9788428342858
040 _aBIBLIOTECA UNIBE
_cBIBLIOTECA UNIBE
_erda
041 _aspa
082 _a338.4791 M828p
100 _aMorales Caraballo, María Gema
_eautor
_9200208
245 1 0 _aProcesos económico-administrativos en agencias de viajes /
_cMaría Gema Morales Caraballo
260 _a Madrid :
_bParaninfo,
_c 2020
300 _a226 páginas :
_bilustraciones a color
500 _apara Certificado de Profesionalidad HOTG0208 Venta de productos y servicios jurídicos, del módulo formativo (MF0267_2)
505 _a1. Contabilidad, matemáticas comerciales y estadística básica | 2. Procesos económico-administrativos en agencias de viajes y otras entidades de distribución turística | 3. Procedimiento de almacenamiento, reposición y control de documentos propios y externos | 4. Procedimientos derivados de las relaciones económicas con clientes | 5. Gestión de tesorería y control de cuentas de cajas y bancos | 6. Utilización de programas informáticos de gestión interna (back-office) de agencias de viajes |
520 3 _aEn este manual, el futuro profesional de la agencia de viajes encontrará las herramientas necesarias para comprender y aplicar los procesos internos derivados del funcionamiento de una agencia de viajes Para ello, se parte de las nociones básicas de contabilidad y matemáticas aplicables a la gestión financiera de la agencia. A continuación, se introducen los procesos asociados a los distintos proveedores turísticos con los que se trabajará: se aprenderá a gestionar un almacén inventario y existencias; se aplicarán los procedimientos derivados del intercambio económico entre la agencia con los proveedores, los clientes y la propia financiación de la agencia para pasar a gestionar la tesorería, incluyendo la compra de moneda extranjera, la documentación, los registros contables y la gestión de errores. Finalmente, se presentan los programas informáticos de gestión más extendidos y novedosos, ofreciendo una visión clara y eficiente de su manejo, utilidades y aplicaciones.
650 7 _2lemb
_aViajes
_vFormación profesional
_vManuales
_9200223
650 7 _2lemb
_aTurismo
_vFormación profesional
_9200224
653 0 0 _aAgencias de viajes -- Formación profesional
653 0 0 _aGestión y técnicas de agencias de viajes
653 0 0 _aHostelería -- Formación profesional
653 0 0 _a Administración de agencias de viajes
942 _2ddc
_cBK
999 _c114176
_d114176